| 000 | 01874cam a22002054a 4500 | ||
|---|---|---|---|
| 005 | 20250605164107.0 | ||
| 008 | 250528s ||||||||||||||||||||||||d | ||
| 035 | _a17765 | ||
| 020 | _a9786185242114 | ||
| 040 |
_aGR-AtMCL _bgre _dGR-AtMCL _eAACR2 |
||
| 245 | 1 | _aΓεωγραφικά Συστήματα Πληροφοριών και Ανάλυση Χώρου / Δεύτερη Έκδοση | |
| 250 | _a2η | ||
| 260 |
_bΔίσιγμα, _c2017 |
||
| 300 | _a492 | ||
| 520 | _aΤο βιβλίο ως σύνολο αποτελεί ένα απαραίτητο συμπλήρωμα της βιβλιοθήκης όλων όσων που με τον ένα ή τον άλλο τρόπο διαχειρίζονται, αναλύουν ή σχεδιάζουν με τη χρήση χωρικών δεδομένων. Εισαγωγικά, Εισαγωγή, Ανάλυση Χώρου, Βασικές Έννοιες της Γ.Σ.Π., Από την Πραγματικότητα στα Γ.Σ.Π., Καθορισμός του Προβλήματος, Είσοδος: Εισαγωγή Χωρικών και Περιγραφικών Δεδομένων, Διαχείριση: Βάσεις Χωρικών Δεδομένων, Ανάλυση, Έξοδος: Χαρτογραφική Απόδοση, Σημειακές Κατανομές: Ανάλυση Χωρικών Προτύπων, Γραμμικές Κατανομές: Ανάλυση Δικτύων, Ασυνεχείς Κατανομές Επιφανειών: Ανάλυση Επιφανειών ως Σημείων Πολύγωνων, Συνεχείς Κατανομές Επιφανειών: Ανάλυση Χωρικής Παρεμβολής, Συμπεράσματα: Επίλογος, Βιβλιογραφία. | ||
| 700 | 1 |
_aΚουτσόπουλος Κωστής _93995 |
|
| 942 | _cBK | ||
| 999 |
_c3165 _d3165 |
||